| 000 | 02132nam0a2200409 4500 | ||
|---|---|---|---|
| 001 | RU\NLR\bibl\811653 | ||
| 005 | 20250614133100.0 | ||
| 010 |
_a5-86921-060-7 _bв обл. _9250 |
||
| 021 |
_aRU _b2005-7802 _9404 |
||
| 035 | _aRSL-KNO-002573182 | ||
| 035 | _a(NLR Aleph) 000800713 | ||
| 090 |
_a1179446 _c1179446 |
||
| 100 | _a20050221d2004 |||y0rusy50 ca | ||
| 101 | 0 | _arus | |
| 102 | _aRU | ||
| 105 | _aa ||||||||| | ||
| 106 | _ar | ||
| 200 | 1 |
_aЭрозия почв России _fА. Н. Каштанов, Л.Л. Шишов, В.А. Рожков [и др.] _g[под общ. науч. ред. А. Н. Каштанова, Л. Л. Шишова, В. А. Рожкова] _gРос. акад. с.-х. наук, Почв. ин-т им. В. В. Докучаева |
|
| 210 |
_aМ. _cПочв. ин-т им. В.В. Докучаева _d2004 |
||
| 215 |
_a76 с. _cтабл. _d20 |
||
| 300 | _aНа обл. авт. не указаны | ||
| 320 | _aБиблиогр.: с. 73-75 | ||
| 606 | 1 |
_aПочвы _xЭрозия _yРоссийская Федерация _92244474 _3RU\NLR\auth\661346606 |
|
| 610 | 0 | _aСельское и лесное хозяйство. Сельскохозяйственные и лесохозяйственные науки -- Сельскохозяйственные мелиорации -- Эрозия почв и борьба с ней | |
| 610 | 0 | _aСельское и лесное хозяйство. Сельскохозяйственные и лесохозяйственные науки -- Российская Федерация -- Сельскохозяйственные мелиорации | |
| 686 |
_aП064,0 _2rubbk |
||
| 686 |
_aП9(2Р)06,0 _2rubbk |
||
| 686 | _aП064(2Р) | ||
| 701 | 1 |
_aКаштанов _bА. Н. _gАлександр Николаевич _4070 |
|
| 701 | 1 |
_aШишов _bЛ. Л. _gЛев Львович _4070 |
|
| 701 | 1 |
_aРожков _bВ. А. _gВячеслав Александрович _4070 |
|
| 801 | 0 |
_aRU _bRuMoRKP _c20050221 _grcr |
|
| 801 | 1 |
_aRU _bRuMoRGB _c20050221 |
|
| 801 | 2 |
_aRU _bNLR _c20050621 _gPSBO |
|
| 942 | _cBOOK | ||
| 980 | _aNB | ||